How the body works : (Record no. 20922)
[ view plain ]
| 000 -LEADER | |
|---|---|
| fixed length control field | 01195cam a2200337 a 4500 |
| 001 - CONTROL NUMBER | |
| control field | 28708526 |
| 003 - CONTROL NUMBER IDENTIFIER | |
| control field | XX-XxUND |
| 005 - DATE AND TIME OF LATEST TRANSACTION | |
| control field | 20241220111819.0 |
| 008 - FIXED-LENGTH DATA ELEMENTS--GENERAL INFORMATION | |
| fixed length control field | 930805s1994 nyua 001 0 eng |
| 010 ## - LIBRARY OF CONGRESS CONTROL NUMBER | |
| LC control number | 93031689 |
| 020 ## - INTERNATIONAL STANDARD BOOK NUMBER | |
| International Standard Book Number | 0895775751 : |
| Terms of availability | $25.00 |
| 035 ## - SYSTEM CONTROL NUMBER | |
| System control number | (Sirsi) i9780895775757 |
| 040 ## - CATALOGING SOURCE | |
| Original cataloging agency | DLC |
| Transcribing agency | DLC |
| Modifying agency | GZD |
| Description conventions | rda |
| 049 ## - LOCAL HOLDINGS (OCLC) | |
| Holding library | GZDA,gzdh,gzdv,gzd3 |
| Notes about holdings | 1620328 |
| 082 ## - DEWEY DECIMAL CLASSIFICATION NUMBER | |
| Classification number | 612 PAR |
| 092 ## - LOCALLY ASSIGNED DEWEY CALL NUMBER (OCLC) | |
| Classification number | 612 PAR |
| 099 ## - LOCAL FREE-TEXT CALL NUMBER (OCLC) | |
| Classification number | 612-P243H |
| 100 1# - MAIN ENTRY--PERSONAL NAME | |
| Personal name | Parker, Steve. |
| 9 (RLIN) | 58061 |
| 245 10 - TITLE STATEMENT | |
| Title | How the body works : |
| Remainder of title | 100 ways parents and kids can share the miracle of the human body / |
| Statement of responsibility, etc | Steve Parker. |
| 260 ## - PUBLICATION, DISTRIBUTION, ETC. (IMPRINT) | |
| Place of publication, distribution, etc | Pleasantville, N.Y. : |
| Name of publisher, distributor, etc | Reader's Digest Association, |
| Date of publication, distribution, etc | c1994. |
| 264 #4 - Production, Publication, Distribution, Manufacture, and Copyright Notice. | |
| Place of production, publication, distribution, manufacture | Pleasantville, N.Y. : |
| Name of producer, publisher, distributor, manufacturer | Reader's Digest Association, |
| Date of production, publication, distribution, manufacture, or copyr | c1994. |
| 300 ## - PHYSICAL DESCRIPTION | |
| Extent | 192 p. : |
| Other physical details | ill. (some col.) ; |
| Dimensions | 29 cm. |
| 336 ## - Content Type | |
| Content type term | text |
| 337 ## - Media type | |
| Media type term | unmediated |
| 338 ## - Carrier type | |
| Carrier type term | volume |
| 500 ## - GENERAL NOTE | |
| General note | Subtitle on cover: 100 ways parents and kids can share the miracle of the human body. |
| 500 ## - GENERAL NOTE | |
| General note | Includes index. |
| 650 #0 - SUBJECT ADDED ENTRY--TOPICAL TERM | |
| Topical term or geographic name as entry element | Physiology, Experimental |
| Form subdivision | Popular works. |
| 9 (RLIN) | 6420378 |
| 710 2# - ADDED ENTRY--CORPORATE NAME | |
| Corporate name or jurisdiction name as entry element | Reader's Digest Association. |
| 9 (RLIN) | 9507 |
| 942 ## - ADDED ENTRY ELEMENTS (KOHA) | |
| Koha item type | BOOK |
| Source of classification or shelving scheme | Dewey Decimal Classification |
| Withdrawn status | Lost status | Source of classification or shelving scheme | Damaged status | Not for loan | Collection code | Home library | Current library | Shelving location | Date acquired | Source of acquisition | Total Checkouts | Total Renewals | Full call number | Barcode | Date last seen | Date checked out | Price effective from | Koha item type |
|---|---|---|---|---|---|---|---|---|---|---|---|---|---|---|---|---|---|---|
| Dewey Decimal Classification | Junior NonFiction | Wasatch County Library | Wasatch County Library | Second Floor | 10/26/2006 | Donation | 31 | 6 | J 612 Par | 34301000623621 | 01/27/2026 | 12/22/2025 | 03/20/2020 | BOOK |
